Mayo del 68. una época de cambios, un cambio de época / Volumen I :
Na minha lista:
| Autor Corporativo: | |
|---|---|
| Outros Autores: | , |
| Formato: | Recurso Electrónico Conference Proceeding livro electrónico |
| Idioma: | espanhol inglês |
| Publicado em: |
Pozuelo de Alarcón, Madrid :
Universidad Francisco de Vitoria, UFV Madrid, Editorial,
[2019]
|
| Edição: | Primera edición. |
| Assuntos: | |
| Acesso em linha: | Digitalia Hispánica |
| Tags: |
Adicionar Tag
Sem tags, seja o primeiro a adicionar uma tag!
|
MARC
| LEADER | 00000nam a2200000 i 4500 | ||
|---|---|---|---|
| 001 | DIGEDUFV0032 | ||
| 003 | NyNyDIG | ||
| 006 | m o d | ||
| 008 | 210606s2019 sp a ob 100 0 spa d | ||
| 007 | cr ||||||||||| | ||
| 035 | |a (OCoLC)1256234440 | ||
| 040 | |a DGITA |b eng |e rda |e pn |c DGITA | ||
| 020 | |a 9788417641351 |q edición digital | ||
| 020 | |a 8417641351 |q edición digital | ||
| 020 | |z 9788417641344 |q edición impresa | ||
| 020 | |z 8417641343 |q edición impresa | ||
| 041 | 0 | |a spa |a eng | |
| 050 | 1 | 4 | |a D848 ebook |
| 111 | 2 | |a Congreso Internacional Mayo del 68 |d (2018 : |c Madrid, Spain), |e author. | |
| 245 | 1 | 0 | |a Mayo del 68. |n Volumen I : |b una época de cambios, un cambio de época / |c Congreso Internacional, 8-10 de noviembre de 2018, Universidad Francisco de Vitoria (Madrid) ; coordinadora, Elena Postigo Solana ; directora, María Lacalle Noriega. |
| 246 | 1 | 4 | |a Actas UFV : |b Congreso Internacional, 8-10 de noviembre de 2018, Universidad Francisco de Vitoria (Madrid) |
| 250 | |a Primera edición. | ||
| 264 | 1 | |a Pozuelo de Alarcón, Madrid : |b Universidad Francisco de Vitoria, UFV Madrid, Editorial, |c [2019] | |
| 300 | |a 1 online resource : |b illustrations. | ||
| 336 | |a text |2 rdacontent | ||
| 337 | |a computer |b c |2 rdamedia | ||
| 338 | |a online resource |b cr |2 rdacarrier | ||
| 347 | |a text file |2 rdaft | ||
| 347 | |b EPUB | ||
| 546 | |a Conference papers in Spanish and English. | ||
| 504 | |a Includes bibliographical references. | ||
| 505 | 0 | |a Contexto histórico-cultural de Mayo del 68 / Francisco José Contreras -- From sexual to global revolution / Gabriele Kuby -- Mujer, sexualidad y familia en los años 50 / Paola Binetti -- Fragmentación familiar e invierno demográfico / Julio Iglesias de Ussel -- Distorsión de la maternidad y la paternidad / Marta Albert Márquez -- Victims of the sexual revolution / Mark Regnerus -- Global politics and guidelines / Marguerite A. Peeters -- La ideología de género y sus consecuencias sobre la relación paternofilial / María Calvo Charro -- Género y deconstrucción del lenguaje / María Caballero Wangüemert -- Bases biológicas y genéticas de la sexualidad / Nicolás Jouve de la Barreda -- Dimorfismo sexual e investigación / José López Guzmán -- Posmodernidad, personalismo y persona / Xosé Manuel Domínguez Prieto -- Sexualidad, sociedad y política / María Lacalle Noriega -- La famille, pilier d'écologie humaine / Tugdual Derville -- Educación de la afectividad / Nieves González Rico -- Crecer y acompañar / Sonia González Iglesias -- El hombre y la mujer en el proyecto de Dios / Francesco Giosuè Voltaggio -- Una lectura bíblica del amor humano / Ángel Barahona -- Una belleza que salva: la grandeza de la sexualidad humana / José Granados. | |
| 588 | 0 | |a Online resource; title from ePub title page (Digitalia, viewed June 7, 2021) | |
| 650 | 0 | |a Nineteen sixty-eight, A.D. |v Congresses. | |
| 650 | 0 | |a Civilization, Modern |y 20th century |v Congresses. | |
| 650 | 0 | |a Student movements |x History |y 20th century |v Congresses. | |
| 655 | 7 | |a Conference papers and proceedings. |2 lcgft | |
| 655 | 0 | |a Electronic books. | |
| 700 | 1 | |a Postigo Solana, Elena, |e editor. | |
| 700 | 1 | |a Lacalle Noriega, María, |e editor. | |
| 791 | 2 | |a Digitalia (Firm), |e distributor. | |
| 793 | 0 | |g Digitalia eBook Collection: |a Editorial Universidad Francisco de Vitoria | |
| 776 | 0 | 8 | |i Print version: |a Congreso Internacional Mayo del 68 (2018 : Madrid, Spain). |t Mayo del 68. Volume I. |b Primera edición. |d Pozuelo de Alarcón, Madrid : Universidad Francisco de Vitoria, 2019 |z 9788417641344 |
| 856 | 4 | 0 | |3 Digitalia Hispánica |u https://digitalia.unach.elogim.com/a/70203/ |
| 910 | |a Premium collection: 2021 | ||